Normal view MARC view

Entry Personal Name

Number of records used in: 1

001 - CONTROL NUMBER

  • control field: 9168

003 - CONTROL NUMBER IDENTIFIER

  • control field: DLC

005 - DATE AND TIME OF LATEST TRANSACTION

  • control field: 20221007093729.0

008 - FIXED-LENGTH DATA ELEMENTS

  • fixed length control field: 010807n| acannaabn |a aaa

010 ## - LIBRARY OF CONGRESS CONTROL NUMBER

  • LC control number: n 2001002387

040 ## - CATALOGING SOURCE

  • Original cataloging agency: DLC
  • Language of cataloging: eng
  • Transcribing agency: DLC
  • Modifying agency: DLC

100 1# - HEADING--PERSONAL NAME

  • Personal name: Owens, Gavin

400 1# - SEE FROM TRACING--PERSONAL NAME

  • Personal name: Owens, W. G.
  • Fuller form of name: (W. Gavin)

670 ## - SOURCE DATA FOUND

  • Source citation: Cereals processing technology, 2001:
  • Information found: CIP t.p. (Gavin Owens) bk. t.p. (Gavin Owens) p. 1 (W.G. Owens; Satake Centre for Grain Process Engnrg., Univ. of Manchester Inst. of Sci. & Tech.)

Powered by Koha